| 000 | 01728nam a2200373 i 4500 | ||
|---|---|---|---|
| 001 | 000011001 | ||
| 003 | DO-SdBNP | ||
| 005 | 20251106083451.0 | ||
| 007 | ta | ||
| 008 | 091013s2009 dr r 000 0 spa d | ||
| 020 | _a9789945870305 | ||
| 040 |
_aDO-SdBNP _bspa _cBNPHU _erda |
||
| 082 | 4 |
_a512.076 _bU76m 2009 _222 |
|
| 100 |
_aUribe E., Rafael Leónidas, _eautor _4aut. _926422 |
||
| 245 | 1 | 0 |
_aMatemática hoy / _cRafael Leónidas Uribe. |
| 250 | _aSegunda edición | ||
| 264 | 1 |
_aSanto Domingo : _bUAPA, _c2009. |
|
| 300 |
_a270 páginas : _bilustraciones ; _c28 cm. |
||
| 336 |
_atexto _btxt _2rdacontent |
||
| 337 |
_asin mediación _bn _2rdamedia |
||
| 338 |
_avolumen _bnc _2rdacarrier |
||
| 490 | 1 | _aAutoaprendizaje | |
| 504 | _aBibliografía : páginas 271 | ||
| 505 | 0 |
_aPresentación -- _tRelación de símbolos -- _tIntroducción -- _tunidad 1 -- _tLos sistemas de números -- _tunidad 2 -- _tExpresiones algebraicas y generalidades -- _tunidad 3 -- _tPotenciación y radicación de expresiones algebraicas -- _tunidad 4 -- _tDescomposición factorial de expresiones algebraicas -- _tunidad 5 -- _tSimplificación de expresiones algebraicas -- _tunidad 6 -- _tEcuaciones lineales y cuadráticas -- _tBibliografía -- |
|
| 590 | _aInventariado, 2018/BT | ||
| 650 | 4 |
_aMatemáticas _xEnseñanza _926423 |
|
| 650 | 0 |
_aÁlgebra _xEnseñanza _925976 |
|
| 650 | 4 |
_aÁlgebra _xProblemas, ejercicios, etc. _925976 |
|
| 650 | 4 |
_aEcuaciones lineales _xProblemas, ejercicios, etc. _926424 |
|
| 650 | 4 |
_aMatemáticas _xProblemas, ejercicios, etc. _919473 |
|
| 710 | 2 |
_aUniversidad Abierta para Adultos (Santiago de los Caballeros, Republica Dominicana) _971401 |
|
| 910 | _aValidado. Control de calidad MMOLINA | ||
| 942 |
_2ddc _cLBS1 |
||
| 999 |
_c10739 _d10739 |
||